Music Quiz

Random Music or Song Quiz

I've Been Everywhere Quiz Stats

 Plays Quiz Updated Feb 7, 2020

Support Sporcle.
Go Orange.
Score 0/91 Timer 10:00
0 Plays Today
% Correct
Chicago
60.3%
Reno
51.8%
Boston
44.7%
Houston
44.1%
Oklahoma
43%
Nashville
42.8%
Minnesota
37.4%
Buffalo
37.2%
Fargo
36%
Washington
34.9%
Toronto
34.4%
Little Rock
31.9%
Tulsa
31.7%
Baltimore
30.1%
Tampa
30%
Pittsburgh
28.9%
Wichita
28.1%
Louisiana
27.5%
Charleston
26.9%
Louisville
26.8%
Kansas City
26.6%
Tennessee
26.5%
Ottawa
26.3%
Sarasota
24.9%
Nebraska
24.2%
Santa Fe
24%
Jacksonville
23.9%
Alaska
23.9%
Panama
22.3%
Knoxville
22.2%
Colorado
22%
% Correct
Idaho
21.6%
Winslow
21.1%
Dayton
20.7%
Springfield
20.7%
Amarillo
20.4%
Bangor
16.7%
Crater Lake
16.2%
Dodge City
15.4%
Kingston
15.2%
Sioux City
15%
Black Rock
14.7%
Salvador
14.7%
Devil's Lake
13.1%
Texarkana
12.8%
Spirit Lake
12.4%
Bakersfield
12.4%
Grand Lake
12.3%
Shreveport
12.2%
Pasadena
12.2%
Hackensack
12.1%
Glen Rock
12%
Cedar City
11.9%
La Paloma
11.8%
Monterey
11.6%
Kalamazoo
11.5%
Argentina
11.3%
El Dorado
11.3%
Vicksburg
11%
Davenport
10.9%
Mattawa
10.8%
Waterloo
10%
% Correct
Catalina
9.8%
Parkersburg
9.8%
Cadillac
9.4%
Waterville
9.1%
Costa Rica
8.7%
Richfield
8%
Chaska
7.9%
Fond du Lac
7.5%
Tocapillo
7.3%
Rexburg
6.9%
Oskaloosa
6.9%
Chicopee
6.7%
Jellico
6.4%
Hennessey
6.1%
Padilla
6%
Tallapoosa
6%
Baraboo
5.6%
Ferriday
5.6%
Barranquilla
5.3%
Larimore
5.2%
Opalacka
5.2%
Ombabika
5.1%
Ellensburg
5%
Schefferville
5%
Diamantina
4.6%
Gravelbourg
4.5%
Haverstraw
4.1%
Atmore
3.8%
Chatanika
3.5%

From the Vault

WNBA Most Career Points

by jonesjeffum

Sports 4m
These women are WNBA forces to be reckoned with.
Remove Ads.
Support Sporcle.
Get the best of Sporcle when you Go Orange. This ad-free experience offers more features, more stats, and more fun while also helping to support Sporcle. Thank you for becoming a member.

Show Comments

Extras

Top Quizzes Today


Score Distribution

Your Account Isn't Verified!

In order to create a playlist on Sporcle, you need to verify the email address you used during registration. Go to your Sporcle Settings to finish the process.

Report this User

Report this user for behavior that violates our Community Guidelines.

Details: